01442nam a22003257a 4500003000400000005001700004008004100021040002200062082001500084130002400099245006800123260002600191300001800217490001400235505009600249505005500345505005800400505009700458505005300555505011300608505004200721505005300763505004400816505002000860650004200880650005100922650004900973650004401022651005001066OSt20230817134138.0221006b |||||||| |||| 00| 0 eng d cBiblioteca Lado V a305bM953m aMujer/Fempresslspa aMujer/Fempress/bRed de comunicación alternativa de la mujer/ bFEMPRESSc1999aChile c22x31cma29p. v1999a208 aAborto, parlamentos latinoamericanos se pronuncian Un plan para el nuevo mileniotCOLOMBIA aMutilaciones sexuales Sado - RitualestCOSTA RICA a1999: Pobreza en auge Sexismo espectacular tMEXICO aSufragio femenino a 50 años del voto Kenizé Mourad la hija de la princesa muertatCHILE aUna temporada teñida de violenciatPUERTO RICO aCierran campaña por los derechos humanos de las mujeres Velas contra la violencia en el congresotECUADOR aAborto, con la ley tampocotARGENTINA aLa economía de las inmigrantestAMERICA LATINA aSer discapacitada y profesionaltPERÚ aCOMUNICANDONOS  2Tesauro de Arte & ArquitecturaaMUJER 2Tesauro de Arte & ArquitecturaaCOMUNICACIÓN 2Tesauro de Arte & ArquitecturaaRED FEMENINA 2Tesauro de Arte & ArquitecturaaCULTURA 2Tesauro de Arte & ArquitecturaaINTERNACIONAL